000
00297nam a22001217a 4500
999
_c
530020
_d
530020
003
NUST
038
_a
MSOHAIL
082
_a
0
100
_a
Planning of Development Department
_9
23310
245
_a
District Development Profile 2011: Dera Bughti
300
_a
117,p;
_c
28cm
_e
p/b
942
_2
ddc
_c
BK